00630nam a2200193 a 4500008004100000020001800041050001500059100002100074245014300095250001700238260003500255300003400290350001100324650001700335650001400352700002600366700002600392700001800418211206s2020 ||||||||||||||||| || u a9780128184608 aRA 784 Mar aYates, Allison A10aPresent knowledge in nutrition (11th edition)cEdited by Bernadette P. Marriott; Diane F. Birt; Virginia A. Stallings and Allison A. Yates a11th edition aOxfordbCharlotte Cocklec2020 axix, 650 pages: illustrations a139.30 0aDIET THERAPY 0aNUTRITION aStallings, Virginia A aMarriot, Bernadette P aBirt, Diane F